Insolvency proceedings in the European Union

Formálne a neformálne spôsoby zbankrotovania podniku. Podmienky bankrotu v SR a ČR. Proces bankrotu podniku a fázy reštrukturalizácie podniku. Insolvenčný zákon v EÚ s prihliadnutím na cezhraničný insolvenčný proces.

Guardado en:
Detalles Bibliográficos
Autor principal: Fedorková, Katarína
Formato: Capítulo de libro
Lenguaje:inglés
Materias:
Etiquetas: Agregar Etiqueta
Sin Etiquetas, Sea el primero en etiquetar este registro!

MARC

LEADER 00000nla a2200000 4500
001 0213074
005 20240502073539.1
041 0 |a eng 
044 |a SK 
245 1 0 |a Insolvency proceedings in the European Union  |c Katarína Fedorková 
520 |a Formálne a neformálne spôsoby zbankrotovania podniku. Podmienky bankrotu v SR a ČR. Proces bankrotu podniku a fázy reštrukturalizácie podniku. Insolvenčný zákon v EÚ s prihliadnutím na cezhraničný insolvenčný proces. 
610 2 0 |a insolventnosť 
610 2 0 |a bankrot 
610 2 0 |a reštrukturalizácia finančná 
610 2 0 |a spolupráca cezhraničná 
100 1 |a Fedorková, Katarína